|
|
|
|
| LEADER |
01070nam a2200277 a 4500 |
| 001 |
15253345 |
| 008 |
120109s2010 gw a b 001 0 eng d |
| 010 |
|
|
|a 2008926816
|
| 020 |
|
|
|a 9783540779773 (hardcover : alk. paper)
|
| 020 |
|
|
|a 9783540779780 (e-ISBN)
|
| 020 |
|
|
|a 9783642096822
|
| 040 |
|
|
|a DLC
|c DLC
|d DLC
|d BD-DhAAL
|
| 082 |
0 |
0 |
|a 005.1
|2 22
|
| 100 |
1 |
|
|a Mehlhorn, Kurt,
|d 1949-
|
| 245 |
1 |
0 |
|a Algorithms and data structures :
|b the basic toolbox /
|c Kurt Mehlhorn, Peter Sanders.
|
| 260 |
|
|
|a Berlin :
|b Springer,
|c c2008.
|
| 300 |
|
|
|a xii, 300 p. :
|b ill. ;
|c 24 cm.
|
| 504 |
|
|
|a Includes bibliographical references (p. [273]-283) and index.
|
| 541 |
1 |
|
|e 00024177
|
| 650 |
|
0 |
|a Data structures (Computer science)
|
| 650 |
|
0 |
|a Computer algorithms.
|
| 700 |
1 |
|
|a Sanders, Peter,
|d 1967-
|
| 852 |
1 |
|
|a Ayesha Abed Library
|j General shelf
|
| 942 |
0 |
0 |
|0 1
|
| 999 |
|
|
|c 11738
|d 11738
|
| 952 |
|
|
|0 0
|1 0
|4 0
|6 005_100000000000000_MEH
|7 0
|9 19072
|a BRACUL
|b BRACUL
|c GEN
|d 2012-01-09
|e Riza Enterprise
|g 4195.00
|l 22
|m 212
|o 005.1 MEH
|p 3010024177
|r 2025-07-22
|s 2025-07-07
|t 1
|w 2012-01-09
|y BK
|